Eastern Condors = Dung fong tuk ying /

Guardado en:
Detalles Bibliográficos
Autor principal: Hung, Sammo (realización)
Otros autores: Wong, Barry (guión) (guión), Wong, Arthur (fotógrafo) (fotógrafo), Fung, Ginger (vestuario) (vestuario), Cheung, Peter (montaje) (montaje), Chung, Danny (música) (música), Hung, Sammo (actuación) (actuación), Biao, Yuen (actuación) (actuación), Ngor, Haing S. (actuación) (actuación), Rayns, Tony (comentarios) (comentarios), Tsui, Curtis (producción) (producción), Gilman, Sean (texto del folleto) (texto del folleto)
Formato: Audiovisual
Idioma:chino
Publicado: Hong Kong : Orange Sky Golden Harvest, 1987, c1987
Edición:Edición especial
Colección:(Criterion Collection ; 1244)
Temas:
Etiquetas: Agrega una etiqueta
Sin etiquetas, Sé el primero en etiquetar este registro!

MARC

LEADER 00000ngm^a2200000^a^4500
001 000616340
005 20251020000000.0
009 20260526154225.689
020 |a 979-8-88607-219-8 
037 |a Acervo ITESO - Biblioteca 
041 |a CHI 
082 |a 808. 8  |b CRI V. 1244 
100 |a Hung, Sammo  |e (realización) 
240 1 1 |a [Comando infernal] 
245 1 0 |a Eastern Condors =  |b Dung fong tuk ying /  |c Realización de S. Hung. 
246 2 |a Título en México: Comando infernal 
250 |a Edición especial 
264 4 |a Hong Kong :  |b Orange Sky Golden Harvest,  |c 1987, c1987 
264 2 |a Nueva York, EUA :  |b Criterion Collection [distribución],  |c 2024, c2024 
300 |a 1 blu-ray región A (98, 94, 55 min.) :  |b color +  |e 1 lámina 
336 |a imagen móvil bidimensional  |b tdi  |2 rdacontenido 
337 |a video  |b v  |2 rdamedio 
338 |a videodisco  |b vd  |2 rdasoporte 
440 1 |a (Criterion Collection ;  |v 1244) 
546 |a En chino cantonés, con subtítulos opcionales: inglés 
649 |a XX 
650 |a Cineastas Hongkoneses -  |x Entrevistas 
650 |a Cineastas Chinos -  |x Entrevistas 
650 |a Actores Hongkoneses -  |x Entrevistas 
650 |a Actores Chinos -  |x Entrevistas 
650 |a Presos Políticos en el Cine 
650 |a Militares en el Cine 
650 |a Fuerzas Armadas -  |z Vietnam 
650 |a Dramas Cinematográficos 
650 |a Cine Hongkonés -  |y 1980-1989 
650 |a Cine Hongkonés -  |y Siglo XX 
650 |a Cine Chino -  |y 1980-1989 
650 |a Cine Chino -  |y Siglo XX 
650 |a Armamento 
650 |a Artes Marciales en el Cine 
650 |a Artes Marciales -  |z China 
650 |a Artes Escénicas -  |z China 
650 |a Guerra de Vietnam, 1961-1973 
650 |a Hung, Sammo 
650 |a Wah, Yuen 
700 |a Wong, Barry  |e (guión) 
700 |a Wong, Arthur  |e (fotógrafo) 
700 |a Fung, Ginger  |e (vestuario) 
700 |a Cheung, Peter  |e (montaje) 
700 |a Chung, Danny  |e (música) 
700 |a Hung, Sammo  |e (actuación) 
700 |a Biao, Yuen  |e (actuación) 
700 |a Ngor, Haing S.  |e (actuación) 
700 |a Rayns, Tony  |e (comentarios) 
700 |a Tsui, Curtis  |e (producción) 
700 |a Gilman, Sean  |e (texto del folleto) 
740 0 |a Eastern Condors :  |b Export Version /  |c Realización de S. Hung. 
740 0 |a Eastern Condors :  |b Live! / 
740 0 |a Collective Action /  |c Texto del folleto de S. Gilman. 
910 |a Fondo General 
920 |a Audiovisuales - Blu-rays 
940 |a Películas 
905 |a 309 
901 |a 616340-10  |b IT2  |c BRR  |i C190111  |u 20250626 
901 |a 616340-20  |b IT2  |c MIN  |i C190112  |u 20251020 
902 |a https://opac.biblio.iteso.mx/vufind/Record/000616340